000 00822cam a22002651 4500
001 sa 65010830
003 DLC
005 20260227112211.0
008 871027s1965 ii b 000 0 san
010 _asa 65010830
025 _aPL480:I-San-416
035 _a(OCoLC)16903396
040 _aDLC
_cWaU
_dWaU
_dDLC
041 0 _asaneng
042 _apremarc
050 0 0 _aPK2916
_b.V577 1965
100 1 _aViśvanātha Kavirāja.
245 1 4 _aThe Sāhityadarpaṇa.
_bParicchedas I, II, X Arthalaṅkāras
_cwith exhaustive notes, by P.V. Kane.
250 _a[1st ed.]
260 _aDelhi,
_bMotilal Banarsidass
_c[1965]
300 _axi, 65, 345 p.
_c22 cm.
500 _aIn Sanskrit; introd. and notes in English.
504 _aBibliographical footnotes.
700 1 _aKāṇe, Pāṇḍuraṅga Vāmana,
_d1880-
999 _c66969
_d66969